<The> Sage Handbook of Diplomacy
Saved in:
| Other Authors: | , , |
|---|---|
| Format: | Book |
| Language: | English |
| Published: |
London
SAGE
2016
|
| Subjects: | |
| Tags: |
No Tags, Be the first to tag this record!
|
MARC
| LEADER | 00000nam a2200000 4500 | ||
|---|---|---|---|
| 001 | 0246891 | ||
| 005 | 20240313133506.3 | ||
| 020 | |a 978-1-4462-9856-5 | ||
| 041 | 0 | |a eng | |
| 044 | |a GB | ||
| 245 | 1 | 0 | |a <The> Sage Handbook of Diplomacy |c Edited by: Costas M. Constantinou, Pauline Kerr, Paul Sharp |
| 264 | 1 | |a London |b SAGE |c 2016 | |
| 300 | |a 684 s. | ||
| 610 | 2 | 0 | |a diplomacia |
| 610 | 2 | 0 | |a história |
| 610 | 2 | 0 | |a politika zahraničná |
| 610 | 2 | 0 | |a komunikácia |
| 610 | 2 | 0 | |a kultúra |
| 610 | 2 | 0 | |a etika |
| 610 | 2 | 0 | |a diplomati |
| 610 | 2 | 0 | |a vzťahy medzinárodné |
| 610 | 2 | 0 | |a porovnanie medzinárodné |
| 700 | 1 | |a Constantinou, Costas M. | |
| 700 | 1 | |a Kerr, Pauline | |
| 700 | 1 | |a Sharp, Paul | |